| 000 | 00688nac a22001811u 4500 | ||
|---|---|---|---|
| 010 | _a2002027987 | ||
| 020 | _a0201743957 | ||
| 082 | 0 | 0 |
_a005.1 _bL6664 |
| 090 |
_c616 _d616 |
||
| 100 | _aLevitin, Anany. | ||
| 245 | 1 | 0 |
_aIntroduction to the design and analysis of algorithms / _cAnany Levitin. |
| 260 |
_aBoston, MA : _bAddison Wesley,2003 _c2003. |
||
| 300 |
_a495 p. : _bill. ; _c24 cm. |
||
| 504 | _aIncludes bibliographical references and index. | ||
| 650 | 0 | _aComputer algorithms. | |
| 942 |
_cBB _k005.1L6664 |
||
| 999 |
_c616 _d616 |
||